| 000 | 00513nam a2200181Ia 4500 | ||
|---|---|---|---|
| 008 | 220216s9999 xx 000 0 und d | ||
| 100 | _ados Santos J B | ||
| 245 | 0 | _aComparison of RAPD and RFLP genetic markers in determining genetic similarity among Brassica oleracea L genotypes | |
| 260 |
_bTheoretical and Applied Genetics _c1994 |
||
| 300 | _a909-915 | ||
| 650 | _aRAPD | ||
| 650 | _aRFLP | ||
| 700 | _aNienhuis J | ||
| 700 | _aSkroch P | ||
| 700 | _aSlocum M K | ||
| 700 | _aTivang J | ||
| 942 | _cJS | ||
| 999 |
_c56016 _d56016 |
||